| 000 | 00564nam a2200181Ia 4500 | ||
|---|---|---|---|
| 008 | 100921s9999 xx 000 0 und d | ||
| 082 |
_b5771 _a891.461 थ 29 |
||
| 100 | _aयशवंत.(पेंढारकर यशवंत दिनकर). | ||
| 245 | _aयशोधन. | ||
| 260 |
_bरविकिरणमंडळ,पुणे. _c1929 |
||
| 300 |
_a152 _b--- |
||
| 365 | _b0 | ||
| 520 | _aललित-काव्य. | ||
| 630 | _aयशोधन. | ||
| 650 | _aललित-काव्य. | ||
| 730 | _aयशोधन. | ||
| 942 | _cBOOK | ||
| 999 |
_c754884 _d754881 |
||